[Event "WALPURGIS NIGHT OPEN"]
[Site "SchemingMind.com"]
[Date "2019.06.25"]
[Round "-"]
[White "Mihir Chandrashekhar"]
[Black "The Stonewall"]
[Result "1/2-1/2"]
[WhiteCountry "IND"]
[BlackCountry "ENG"]
[WhiteElo "1997"]
[WhiteRD "54"]
[BlackElo "2389"]
[BlackRD "77"]
[GameID "442678"]

1. c4 f5 2. Nc3 Nf6 3. d4 g6 4. g3 Bg7 5. Bg2 O-O 6. Nh3 d6 7. d5 c6 8. O-O e5 9. dxe6 Bxe6 10. b3 Na6
11. Ng5 Qe7 12. Bb2 Rad8 13. Nxe6 Qxe6 14. Qc2 Nc5 15. e3 Ng4 16. Rfe1 Ne4 17. f3 Bxc3 18. Bxc3 Nxc3 19. Qxc3 Nf6 20. Rad1 Rfe8
21. f4 a6 22. Rd3 Ne4 23. Bxe4 Qxe4 24. Kf2 Qe6 25. Red1 Rd7 26. Qb4 Qe4 27. Qd2 Red8 28. Rd4 Qe6 29. a4 d5 30. Qb4= dxc4
31. Rxd7 Rxd7 32. Rxd7 Qxd7 33. Qxc4+ Kg7 34. Qd4+ Qxd4 35. exd4 a5 36. Ke3 Kf6 37. Kd3 Ke6 38. Kc4 Kd6 39. Kc3 Kd5 40. Kd3 b6
41. Ke3 c5 42. dxc5 Kxc5 43. Kd3 Kb4 44. Kc2 b5 45. axb5 Kxb5 46. Kd3 Kb4 47. Kc2 Kb5=
1/2-1/2